[Event "MSU Cup"]
[Site "Moscow"]
[Date "2024.04.24"]
[Round "7.12"]
[White "Bayrambayeva, Ogulsuray"]
[Black "Yurasova, Daria"]
[Result "1/2-1/2"]
[WhiteElo "1848"]
[BlackElo "2105"]
[PlyCount "164"]
[EventDate "2024.04.22"]
[EventType "team-tourn"]
[EventRounds "9"]
[EventCountry "RUS"]
[SourceTitle "CB18_2024"]
[SourceDate "2024.05.01"]
[SourceVersion "1"]
[SourceVersionDate "2024.05.01"]
[SourceQuality "2"]
[WhiteTeam "Turkmenistan"]
[BlackTeam "SPbGU"]
[WhiteTeamCountry "TKM"]
[BlackTeamCountry "RUS"]

1. d4 d5 2. c4 c6 3. cxd5 cxd5 4. Nc3 Nf6 5. Bf4 a6 6. e3 Nc6 7. Bd3 Bg4 8. f3 Bd7 9. Nge2 e6 10. e4 Be7 11. e5 Ng8 12. Rc1 Bb4 13. 0-0 Nge7 14. Bg5 Qb8 15. Qc2 Qa7 16. Be3 Nxe5 17. Bf2 Nxd3 18. Qxd3 0-0 19. Nf4 Rac8 20. Rfe1 Ng6 21. Nh5 Ba5 22. Kh1 Rc4 23. Rc2 b5 24. b3 Rc7 25. Rec1 Rfc8 26. Ne2 Bb6 27. Bg1 Qb7 28. h3 b4 29. Qd2 a5 30. Nhf4 Ne7 31. Nd3 Rxc2 32. Rxc2 Rxc2 33. Qxc2 Bb5 34. Nc5 Qc6 35. Qd2 Nf5 36. Nf4 Bc7 37. Nh5 Qd6 38. Qg5 h6 39. Qg4 g6 40. f4 Kh8 41. Ng3 Nxg3+ 42. Qxg3 Qxf4 43. Qe1 Qf5 44. Nb7 Qc2 45. Qe3 Kg7 46. Nc5 Qe2 47. Qc1 Qf1 48. Nxe6+ fxe6 49. Qxc7+ Qf7 50. Qxa5 Bd3 51. Qxb4 Be4 52. Qd2 Qf5 53. Qe3 Qf1 54. Qf2 Qd3 55. Kh2 Qb1 56. Qd2 g5 57. Bf2 Kg6 58. Bg3 h5 59. h4 gxh4 60. Bxh4 Kf7 61. Qg5 Qxa2 62. Qf6+ Kg8 63. Qxe6+ Kh7 64. Qf7+ Kh6 65. Qf4+ Kh7 66. Qg3 Qe2 67. Bf6 Qg4 68. Qxg4 hxg4 69. Kg3 Kg6 70. Be5 Kf5 71. b4 Bd3 72. Kh4 Bf1 73. g3 Be2 74. Kh5 Ke6 75. Kg5 Kd7 76. b5 Bxb5 77. Kxg4 Ke6 78. Kg5 Kf7 79. Kh6 Kg8 80. g4 Bd3 81. g5 Be4 82. g6 Bf3 1/2-1/2

[Event "MSU Cup"]
[Site "Moscow"]
[Date "2024.04.24"]
[Round "6.4"]
[White "Yurasova, Daria"]
[Black "Arhipov, Roman"]
[Result "1-0"]
[WhiteElo "2105"]
[BlackElo "1748"]
[PlyCount "141"]
[EventDate "2024.04.22"]
[EventType "team-tourn"]
[EventRounds "9"]
[EventCountry "RUS"]
[SourceTitle "CB18_2024"]
[SourceDate "2024.05.01"]
[SourceVersion "1"]
[SourceVersionDate "2024.05.01"]
[SourceQuality "2"]
[WhiteTeam "SPbGU"]
[BlackTeam "Belarus"]
[WhiteTeamCountry "RUS"]
[BlackTeamCountry "BLR"]

1. d4 e6 2. c4 d5 3. Nf3 c6 4. Nc3 f5 5. g3 Nf6 6. Bg2 Bd6 7. 0-0 0-0 8. Ne1 Ne4 9. Nd3 Nd7 10. Bf4 Be7 11. Ne5 Nxe5 12. Bxe5 Bf6 13. Nxe4 Bxe5 14. Nc3 Bf6 15. e3 Bd7 16. b4 dxc4 17. a4 e5 18. b5 Be8 19. Qe2 exd4 20. exd4 Qxd4 21. Rac1 Bf7 22. bxc6 bxc6 23. Bxc6 Rac8 24. Nb5 Qe5 25. Qf3 a6 26. Na3 c3 27. Bb7 Rc7 28. Bxa6 Bd5 29. Qe2 Qd6 30. Bc4 Bxc4 31. Nxc4 Qc5 32. Ne3 Re8 33. Qa2+ Rf7 34. Ng2 g5 35. Rb1 Kg7 36. Rb5 Qc8 37. Qc2 Re5 38. Ne3 Rxb5 39. axb5 Bd4 40. Qd3 Bxe3 41. Qxe3 h6 42. Qd4+ Kh7 43. Rc1 c2 44. Qd3 Qd7 45. Qxd7 Rxd7 46. Rxc2 Rb7 47. Rb2 Rb6 48. Kf1 Kg6 49. Ke2 Kf6 50. Kd3 Ke6 51. Kc4 Rb8 52. Rd2 f4 53. gxf4 gxf4 54. Kc5 Kf5 55. f3 Rc8+ 56. Kb6 Rc3 57. Rf2 Ke5 58. Kb7 Rb3 59. b6 Kd4 60. Kc7 Ke3 61. Rc2 Kxf3 62. b7 Kg4 63. b8Q Rxb8 64. Kxb8 Kf3 65. Kc7 Ke3 66. Rc6 h5 67. Rh6 f3 68. Rxh5 Ke4 69. Rh8 Kf4 70. Rf8+ Kg4 71. Kd6 1-0

[Event "Titled Tuesday intern op 16th Jan Early"]
[Site "Chess.com INT"]
[Date "2024.01.16"]
[Round "11"]
[White "Manukian, Artak"]
[Black "Yurasova, Daria"]
[Result "1-0"]
[WhiteElo "2196"]
[BlackElo "2005"]
[PlyCount "85"]
[EventDate "2024.01.16"]
[EventType "swiss (blitz)"]
[EventRounds "11"]
[EventCountry "USA"]
[SourceTitle "CB04_2024"]
[SourceDate "2023.10.16"]
[SourceVersion "1"]
[SourceVersionDate "2023.10.16"]
[SourceQuality "1"]

1. e4 e5 2. Nf3 Nc6 3. d4 exd4 4. Nxd4 Nf6 5. Nxc6 bxc6 6. e5 Qe7 7. Qe2 Nd5 8. c4 Ba6 9. b3 g6 10. g3 Bg7 11. Bb2 0-0 12. Bg2 Rae8 13. 0-0 Bxe5 14. Qxe5 Qxe5 15. Bxe5 Rxe5 16. cxd5 Bxf1 17. Kxf1 cxd5 18. Nc3 c6 19. Rc1 f5 20. Na4 f4 21. Nc5 fxg3 22. hxg3 Rf7 23. Bh3 Ree7 24. Bxd7 Rxd7 25. Nxd7 Rxd7 26. Rxc6 Kf7 27. Ke2 Ke7 28. Ke3 Rd6 29. Rc7+ Rd7 30. Rxd7+ Kxd7 31. Kd4 Kd6 32. b4 h5 33. f4 Ke6 34. b5 Kf5 35. a4 Kg4 36. a5 Kxg3 37. b6 axb6 38. axb6 h4 39. b7 h3 40. b8Q h2 41. f5+ Kg2 42. Qxh2+ Kxh2 43. fxg6 1-0

[Event "Titled Tuesday intern op 16th Jan Early"]
[Site "Chess.com INT"]
[Date "2024.01.16"]
[Round "10"]
[White "Yurasova, Daria"]
[Black "Jing, Andrew"]
[Result "1-0"]
[WhiteElo "2005"]
[BlackElo "1953"]
[PlyCount "161"]
[EventDate "2024.01.16"]
[EventType "swiss (blitz)"]
[EventRounds "11"]
[EventCountry "USA"]
[SourceTitle "CB04_2024"]
[SourceDate "2023.10.16"]
[SourceVersion "1"]
[SourceVersionDate "2023.10.16"]
[SourceQuality "1"]

1. d4 Nf6 2. Bg5 d5 3. Bxf6 exf6 4. e3 c6 5. g3 Bd6 6. Bg2 f5 7. Ne2 Nd7 8. Nd2 Nf6 9. 0-0 h5 10. h4 Be6 11. c4 Qd7 12. Nc3 a6 13. cxd5 cxd5 14. Rc1 Rc8 15. Qb3 Bb8 16. Na4 Rxc1 17. Rxc1 0-0 18. Nc5 Qd6 19. Nxb7 Qe7 20. Nc5 Ne4 21. Ndxe4 fxe4 22. Nxa6 Bd6 23. Nc5 Rb8 24. Qc2 g5 25. hxg5 Qxg5 26. Nxe6 fxe6 27. Qc6 Rd8 28. Qb6 h4 29. gxh4 Qxh4 30. Rc6 Rf8 31. Rc2 Qh2+ 32. Kf1 Kg7 33. Qa6 Rf6 34. Qe2 Qh4 35. Ke1 Qh2 36. Qg4+ Rg6 37. Qh3 Qxg2 38. Qxg2 Rxg2 39. Rc6 Be7 40. Kf1 Rg6 41. a4 Kf6 42. a5 Rg8 43. Rb6 Ra8 44. b4 Bd8 45. Rc6 Kf7 46. a6 Ke7 47. b5 Kd7 48. f3 exf3 49. Kf2 Rc8 50. a7 Ra8 51. Ra6 Kc7 52. Kxf3 Kb7 53. Rxe6 Rxa7 54. Rd6 Bc7 55. Rxd5 Ra1 56. Ke4 Rf1 57. Rh5 Kb6 58. Kd3 Rd1+ 59. Kc4 Rc1+ 60. Kd5 Kxb5 61. e4 Kb6 62. e5 Kb7 63. Rh7 Kc8 64. Ke6 Re1 65. Rh5 Kb7 66. d5 Kc8 67. d6 Bd8 68. Rh7 Rf1 69. Ra7 Kb8 70. Ra6 Kb7 71. Ra2 Bg5 72. Rb2+ Kc8 73. Rc2+ Kb7 74. Kd7 Re1 75. Rb2+ Ka6 76. e6 Bf4 77. e7 Rd1 78. e8Q Rxd6+ 79. Kc8 Rd4 80. Qb5+ Ka7 81. Qb7# 1-0

[Event "Titled Tuesday intern op 16th Jan Early"]
[Site "Chess.com INT"]
[Date "2024.01.16"]
[Round "1"]
[White "Yurasova, Daria"]
[Black "Rohit, Krishna S"]
[Result "0-1"]
[WhiteElo "2005"]
[BlackElo "2410"]
[PlyCount "94"]
[EventDate "2024.01.16"]
[EventType "swiss (blitz)"]
[EventRounds "11"]
[EventCountry "USA"]
[SourceTitle "CB04_2024"]
[SourceDate "2023.10.16"]
[SourceVersion "1"]
[SourceVersionDate "2023.10.16"]
[SourceQuality "1"]

1. d4 Nf6 2. Bg5 Ne4 3. Bf4 c5 4. f3 Qa5+ 5. c3 Nf6 6. d5 e6 7. e4 b5 8. Nh3 Bb7 9. d6 Nc6 10. Be2 h6 11. 0-0 b4 12. Nd2 g5 13. Nc4 Qd8 14. Be3 Bg7 15. Bxc5 bxc3 16. bxc3 0-0 17. Kh1 Ba6 18. Qa4 Qc8 19. Ba3 Ne5 20. Nxe5 Bxe2 21. Rfe1 Ba6 22. c4 Rd8 23. c5 Ne8 24. Nc4 Bxa1 25. Rxa1 Rb8 26. Nf2 Bxc4 27. Qxc4 Nxd6 28. Qd3 Nb5 29. Bb2 Qxc5 30. Ng4 Kf8 31. Bf6 Rdc8 32. h4 gxh4 33. Qxd7 Rc7 34. Qd2 Qh5 35. a4 h3 36. g3 Rbc8 37. axb5 Qg6 38. Be5 Rc2 39. Qd6+ Kg8 40. Nf6+ Kh8 41. Rd1 h2 42. Qd8+ Kg7 43. Qe7 Qg5 44. Ne8+ Kg8 45. Nf6+ Kg7 46. Ng4+ Kg6 47. Qd6 Rc1 0-1

[Event "Khanty-Mansiysk TOP 28 Rapid GP (Women)"]
[Site "Khanty-Mansiysk"]
[Date "2023.12.01"]
[Round "4"]
[White "Yurasova, Daria"]
[Black "Goltseva, Ekaterina"]
[Result "0-1"]
[WhiteElo "2023"]
[BlackElo "2331"]
[PlyCount "73"]
[EventDate "2023.12.01"]
[EventType "tourn (rapid)"]
[EventRounds "13"]
[EventCountry "RUS"]
[SourceTitle "CB49_2023"]
[SourceDate "2023.12.06"]
[SourceVersion "1"]
[SourceVersionDate "2023.12.06"]
[SourceQuality "1"]

1. d4 d5 2. Nf3 Nf6 3. Bf4 c5 4. e3 Nc6 5. Nbd2 e6 6. c3 Nh5 7. Bg5 f6 8. Bh4 g6 9. Bb5 Bd7 10. Qe2 cxd4 11. cxd4 Be7 12. 0-0 0-0 13. Rfc1 a6 14. Bxc6 Bxc6 15. Nb3 Qe8 16. Qd2 g5 17. Bg3 Nxg3 18. hxg3 b6 19. Rc2 Bd6 20. Rac1 Bd7 21. Qe2 Bb5 22. Qd1 Qg6 23. Nbd2 Ba4 24. b3 Bd7 25. Nb1 h5 26. a4 Rf7 27. Nc3 Rh7 28. Qe2 h4 29. g4 h3 30. g3 f5 31. gxf5 exf5 32. Nxd5 Re8 33. Nxb6 h2+ 34. Kh1 f4 35. Nxd7 Rxd7 36. Rc5 Bxc5 37. Rxc5 0-1

[Event "Khanty-Mansiysk Governor Cup 19th"]
[Site "Khanty-Mansiysk"]
[Date "2023.11.23"]
[Round "7"]
[White "Yurasova, Daria"]
[Black "Zhidelev, Nikolay"]
[Result "0-1"]
[WhiteElo "2023"]
[BlackElo "2200"]
[PlyCount "54"]
[EventDate "2023.11.17"]
[EventType "swiss"]
[EventRounds "9"]
[EventCountry "RUS"]
[SourceTitle "CB48_2023"]
[SourceDate "2023.11.29"]
[SourceVersion "1"]
[SourceVersionDate "2023.11.29"]
[SourceQuality "1"]

1. Nf3 c5 2. c4 Nc6 3. Nc3 e5 4. e3 Nf6 5. d4 e4 6. Ne5 h5 7. Nxc6 dxc6 8. Be2 Bf5 9. a3 Qc7 10. b4 cxb4 11. axb4 Bxb4 12. Bd2 Be7 13. h3 h4 14. Rb1 b6 15. Qa4 0-0 16. Bd1 a6 17. Qa2 Rfd8 18. Ne2 c5 19. Bc3 cxd4 20. Bxd4 b5 21. Nf4 Rxd4 22. exd4 Qxf4 23. Rb3 Rd8 24. Qxa6 bxc4 25. Rb7 e3 26. Qa2 Qxd4 27. 0-0 Bc5 0-1

[Event "Titled Tuesday intern op 14th Nov Early"]
[Site "Chess.com INT"]
[Date "2023.11.14"]
[Round "5"]
[White "Krivonosov, Oleg"]
[Black "Yurasova, Daria"]
[Result "1-0"]
[WhiteElo "2350"]
[BlackElo "2023"]
[PlyCount "109"]
[EventDate "2023.11.14"]
[EventType "swiss (blitz)"]
[EventRounds "11"]
[EventCountry "USA"]
[SourceTitle "CB47_2023"]
[SourceDate "2023.11.22"]
[SourceVersion "1"]
[SourceVersionDate "2023.11.22"]
[SourceQuality "1"]

1. Nf3 d5 2. d4 Nf6 3. c4 dxc4 4. e3 e6 5. Bxc4 a6 6. 0-0 c5 7. dxc5 Bxc5 8. Qxd8+ Kxd8 9. Ne5 Ke7 10. Be2 Nbd7 11. Nc4 a5 12. Nc3 Nb6 13. Nxb6 Bxb6 14. b3 Bd7 15. Ba3+ Ke8 16. Rac1 Bc6 17. Nb5 Ne4 18. Rfd1 Rd8 19. Bd3 Rd7 20. Bxe4 Bxb5 21. Bxb7 f5 22. g3 Rxd1+ 23. Rxd1 Kf7 24. h4 g6 25. Bb2 Rb8 26. Bg2 h6 27. Bf1 Bxf1 28. Kxf1 Ke7 29. Ba3+ Kf6 30. Rd7 g5 31. h5 f4 32. Ke2 fxg3 33. fxg3 Rc8 34. Kd3 Kf5 35. Rh7 Kg4 36. Rxh6 Rd8+ 37. Ke4 Kxg3 38. Rxe6 Ba7 39. h6 g4 40. Bb2 Rd1 41. h7 Rh1 42. h8Q Rxh8 43. Bxh8 Kf2 44. Rg6 g3 45. Bd4 g2 46. Bxa7 g1Q 47. Rxg1 Kxg1 48. Kf3 Kf1 49. e4 Ke1 50. e5 Kd2 51. e6 a4 52. bxa4 Kc3 53. e7 Kb4 54. e8Q Ka5 55. Qb5# 1-0

[Event "RUS-chT Blitz (Women)"]
[Site "Sochi"]
[Date "2023.10.17"]
[Round "11.4"]
[White "Borisova, Ekaterina"]
[Black "Yurasova, Daria"]
[Result "1-0"]
[WhiteElo "2168"]
[BlackElo "2023"]
[PlyCount "83"]
[EventDate "2023.10.17"]
[EventType "team-tourn (blitz)"]
[EventRounds "13"]
[EventCountry "RUS"]
[SourceTitle "Mega2024 Update 01"]
[Source "Chessbase"]
[SourceDate "2023.11.12"]
[SourceVersion "1"]
[SourceVersionDate "2023.11.12"]
[SourceQuality "1"]
[WhiteTeam "Moscow ShSM (W)"]
[BlackTeam "St Petersburg SSHOR (W)"]
[WhiteTeamCountry "RUS"]
[BlackTeamCountry "RUS"]

1. d4 d5 2. c4 dxc4 3. e3 Nf6 4. Nf3 e6 5. Bxc4 a6 6. 0-0 c5 7. Nc3 b5 8. Bd3 Bb7 9. a4 b4 10. Nb1 Nbd7 11. a5 Be7 12. Nbd2 0-0 13. Nc4 Qc7 14. b3 Rac8 15. Bb2 Rfd8 16. Qe2 Qb8 17. Rfd1 cxd4 18. exd4 Nd5 19. Rac1 Bf6 20. Be4 Nf4 21. Qe3 Bxe4 22. Qxe4 Nd5 23. Nfe5 Nf8 24. Qf3 Ng6 25. g3 Qa7 26. h4 Qe7 27. Re1 Nf8 28. Nb6 Rxc1 29. Rxc1 Bxe5 30. dxe5 Ng6 31. Nc4 h6 32. Nd6 Nc3 33. Bxc3 bxc3 34. Qxc3 Nxe5 35. Qxe5 Rxd6 36. Rc8+ Kh7 37. Qe4+ f5 38. Qa8 Rd1+ 39. Kh2 Qd7 40. h5 g6 41. Rh8+ Kg7 42. Qf8# 1-0

[Event "RUS-ch Blitz (Women)"]
[Site "Sochi"]
[Date "2023.10.14"]
[Round "2"]
[White "Darmaeva, Nomina"]
[Black "Yurasova, Daria"]
[Result "0-1"]
[WhiteElo "1903"]
[BlackElo "2023"]
[PlyCount "112"]
[EventDate "2023.10.14"]
[EventType "swiss (blitz)"]
[EventRounds "13"]
[EventCountry "RUS"]
[SourceTitle "Mega2024 Update 01"]
[Source "Chessbase"]
[SourceDate "2023.11.12"]
[SourceVersion "1"]
[SourceVersionDate "2023.11.12"]
[SourceQuality "1"]

1. e4 e5 2. Nf3 Nc6 3. d4 exd4 4. Nxd4 Nf6 5. Nxc6 bxc6 6. e5 Qe7 7. Qe2 Nd5 8. c4 Ba6 9. g3 g6 10. Bg2 Bg7 11. 0-0 0-0 12. Re1 Rfe8 13. Qe4 Nb6 14. f4 Bxc4 15. Nc3 Be6 16. Qe2 Nd5 17. Ne4 d6 18. exd6 cxd6 19. Rb1 Bf5 20. Qf2 Nf6 21. Nxf6+ Qxf6 22. Be3 Bxb1 23. Rxb1 d5 24. Bc5 a6 25. b3 Qe6 26. Rc1 Rac8 27. Bd4 Bxd4 28. Qxd4 Qe3+ 29. Qxe3 Rxe3 30. Bxd5 Re2 31. a4 c5 32. Bc4 Rb2 33. Bxa6 Rd8 34. Bc4 Rdd2 35. Ra1 Rxh2 36. a5 Rbg2+ 37. Kf1 Rxg3 38. Bd5 Rd3 39. Bg2 Rd2 40. Be4 Ra2 41. Rd1 Rxa5 42. Rd8+ Kg7 43. Rd1 Rha2 44. Bb1 Rb2 45. Be4 Rxb3 46. Rd7 Rb2 47. Rd1 Ra4 48. Re1 h5 49. Kg1 Rd4 50. f5 Rdd2 51. fxg6 fxg6 52. Rf1 Rd4 53. Bc6 Rg4+ 54. Kh1 Rb3 55. Bg2 Rbg3 56. Bd5 Rh3# 0-1

[Event "RUS-ch Blitz (Women)"]
[Site "Sochi"]
[Date "2023.10.14"]
[Round "5"]
[White "Yurasova, Daria"]
[Black "Bodnaruk, Anastasia"]
[Result "1/2-1/2"]
[WhiteElo "2023"]
[BlackElo "2340"]
[PlyCount "144"]
[EventDate "2023.10.14"]
[EventType "swiss (blitz)"]
[EventRounds "13"]
[EventCountry "RUS"]
[SourceTitle "Mega2024 Update 01"]
[Source "Chessbase"]
[SourceDate "2023.11.12"]
[SourceVersion "1"]
[SourceVersionDate "2023.11.12"]
[SourceQuality "1"]

1. d4 Nf6 2. Bg5 d5 3. Bxf6 exf6 4. e3 Bd6 5. g3 0-0 6. Bg2 Re8 7. Ne2 c6 8. 0-0 Nd7 9. Nd2 f5 10. c4 dxc4 11. Nxc4 Nf6 12. Rc1 Bc7 13. b4 Be6 14. a4 Bd5 15. Bxd5 Nxd5 16. Qb3 h5 17. Nc3 h4 18. Nxd5 Qxd5 19. Nd2 Qd7 20. b5 Re6 21. bxc6 bxc6 22. Rfd1 Rb8 23. Qc4 hxg3 24. hxg3 Rh6 25. Nf3 f4 26. exf4 Qh3 27. Qxf7+ Kxf7 28. Ng5+ Ke7 29. Nxh3 Rxh3 30. Rxc6 Bd6 31. Ra6 Rb7 32. Ra5 Rh6 33. Rg5 Kd8 34. Re1 Rf6 35. Kg2 g6 36. Rh1 Rd7 37. Rh6 Rg7 38. Ra5 Bc7 39. Rd5+ Kc8 40. Rh8+ Kb7 41. Rb5+ Rb6 42. Rc5 Rd7 43. d5 Rbd6 44. Rb5+ Ka6 45. Rc8 Bb6 46. Rg8 Rxd5 47. Rxd5 Rxd5 48. Rxg6 Rd2 49. g4 Rxf2+ 50. Kg3 Rf1 51. f5 Ka5 52. Re6 Bd8 53. Kg2 Rf4 54. Kg3 Rxa4 55. f6 Ra1 56. g5 Rg1+ 57. Kf4 Kb4 58. Re8 Bc7+ 59. Kf5 Rf1+ 60. Kg6 a5 61. f7 Bd6 62. Rd8 Bc5 63. Kg7 a4 64. g6 a3 65. Ra8 Bd4+ 66. Kg8 Bc5 67. g7 Kb3 68. f8Q Bxf8 69. gxf8Q Rxf8+ 70. Kxf8 Kb2 71. Ke7 a2 72. Rxa2+ Kxa2 1/2-1/2

[Event "Titled Tuesday intern op 26th Sep Early"]
[Site "Chess.com INT"]
[Date "2023.09.26"]
[Round "2"]
[White "Yurasova, Daria"]
[Black "Putri, Regita Desyari"]
[Result "1-0"]
[WhiteElo "2023"]
[BlackElo "1863"]
[PlyCount "79"]
[EventDate "2023.09.26"]
[EventType "swiss (blitz)"]
[EventRounds "11"]
[EventCountry "USA"]
[SourceTitle "EXT 2024"]
[Source "ChessBase"]
[SourceDate "2023.10.10"]
[SourceVersion "1"]
[SourceVersionDate "2023.10.10"]
[SourceQuality "1"]

1. d4 Nf6 2. Bg5 Ne4 3. Bf4 d5 4. e3 c5 5. Nf3 Nc6 6. Nbd2 Bg4 7. Be2 cxd4 8. exd4 Qb6 9. 0-0 Nxd2 10. Qxd2 e6 11. c3 Be7 12. h3 Bh5 13. a4 a5 14. Ne5 Bg6 15. Bb5 0-0 16. Nd7 Qd8 17. Nxf8 Qxf8 18. Rfe1 Na7 19. Bd3 Nc8 20. Bxg6 hxg6 21. Bg5 Nd6 22. Bxe7 Qxe7 23. Qd3 Nf5 24. Kh1 Qg5 25. Qf3 Nd6 26. Qg3 Qd8 27. b4 Ne4 28. Qe3 Rc8 29. Rec1 Rc4 30. bxa5 Qxa5 31. Rab1 b6 32. Rb5 Qxa4 33. Rxb6 Qa3 34. Qf4 Nxf2+ 35. Kh2 Rc8 36. Rf1 Qxc3 37. Qxf2 Rf8 38. Qb2 Qc7+ 39. Kh1 Qg3 40. Rb7 1-0

[Event "Titled Tuesday intern op 22nd Aug Early"]
[Site "Chess.com INT"]
[Date "2023.08.22"]
[Round "8"]
[White "Bifulco, Michel"]
[Black "Yurasova, Daria"]
[Result "0-1"]
[WhiteElo "2288"]
[BlackElo "2077"]
[PlyCount "62"]
[EventDate "2023.08.22"]
[EventType "swiss (blitz)"]
[EventRounds "11"]
[EventCountry "USA"]
[SourceTitle "EXT 2024"]
[Source "ChessBase"]
[SourceDate "2023.10.10"]
[SourceVersion "1"]
[SourceVersionDate "2023.10.10"]
[SourceQuality "1"]

1. d4 d5 2. c4 dxc4 3. Nf3 Nf6 4. e3 e6 5. Bxc4 a6 6. 0-0 b5 7. Bd3 Bb7 8. a4 b4 9. Nbd2 Nbd7 10. Qe2 c5 11. Rd1 Qc7 12. b3 Be7 13. Bb2 0-0 14. Rac1 Nd5 15. Nc4 Rac8 16. a5 Qb8 17. Nfe5 N7f6 18. Bb1 Rfd8 19. Qd3 cxd4 20. exd4 Nf4 21. Qe3 Nxg2 22. Qg3 Nh5 23. Qd3 g6 24. Nb6 Rxc1 25. Rxc1 Nhf4 26. Qd2 Bg5 27. Qd1 Nh3+ 28. Kf1 Bxc1 29. Bxc1 Qxe5 30. Be3 Nxe3+ 31. fxe3 Qxh2 0-1